000 00617nam a2200253Ia 4500
003 OSt
005 20220912145630.0
006 a|||||r|||| 00| 0
007 ta
008 220909b |||||||| |||| 00| 0 eng d
024 _a71884
037 _cTextual
040 _aCSL
_beng
_cCSL
041 _aeng
082 _aB316, K38
100 _aMaclane Saunders
245 0 _aHomology
260 _c1963
300 _ap.
_ccm.
490 _aDie grundlehren der mathematischen wissenschaften
650 _aTopology
942 _hB316, K38
_cTEXL
_2CC
999 _c35253
_d35253